000 00561nam a2200181Ia 4500
008 100920s9999 xx 000 0 und d
082 _b66016
_a51 थ 94
100 _aक्षीरसागर लीलाताई बा.
245 _aकृतार्थ.
260 _bकौशिक प्रकाशन, सातारा.
_c1994
300 _a126
_bसाधी
365 _b45
520 _aचरित्र.
630 _aकृतार्थ.
650 _aचरित्र.
730 _aकृतार्थ.
942 _cBOOK
999 _c708711
_d708708